Contro le donne nei secoli dei secoli /

Saved in:
書目詳細資料
主要作者: Ballestra, Silvia (Author)
格式: 圖書
語言:意大利语
出版: Milano : Il saggiatore, [2006]
叢編:Pamphlet
主題:
標簽: 添加標簽
沒有標簽, 成為第一個標記此記錄!

MARC

LEADER 00000nam a2200000 i 4500
001 IT\ICCU\TO0\1563850
003 ItRI
005 20260115231911.0
008 061122s2006 it |||||| ||||| |||||c
015 |2 IT  |a 2007-4864 
020 |a 8842813966 
040 |b ita  |c importazione bologna sebina 
041 7 |a ita  |2 ISO-639-2 
082 |a 305.420945  |9 DONNE. FUNZIONE E STATUS SOCIALE. Italia  |2 21 
100 1 |a Ballestra, Silvia  |0 IT\ICCU\RAVV\064129  |4 aut 
245 1 0 |a Contro le donne nei secoli dei secoli /  |c Silvia Ballestra. 
260 |a Milano :  |b Il saggiatore,  |c [2006] 
300 |a 94 p. ;  |c 19 cm. 
650 7 |a Donne  |x Posizione sociale  |x Italia 
830 0 |a Pamphlet  |0 IT\ICCU\TO0\1563853 
942 |2 ddc  |c BK  |n 0 
952 |0 0  |1 0  |4 0  |6 DOC_305_400000000000000_BAL  |7 0  |9 15837  |a BO  |b BO  |d 2026-01-15  |i 11232  |l 0  |o DOC 305.4 BAL  |p BO11232  |r 2026-01-15 23:19:11  |w 2026-01-15  |x [Sebina 5] [1 v.]  |y BK  |z 1 v. 
999 |c 13614  |d 13614